logo

Bir Sreshtho Munshi Abdur Rouf Library
Jhenaidah Cadet College

উপদেশ কূপ-দেশ / (Record no. 7913)

MARC details
000 -LEADER
fixed length control field 00674nam a22002297a 4500
001 - CONTROL NUMBER
JCCL Control Number 7913
003 - CONTROL NUMBER IDENTIFIER
JCCL marc code BD-JhCC
005 - DATE AND TIME OF LATEST TRANSACTION
control field 20180217111956.0
008 - FIXED-LENGTH DATA ELEMENTS--GENERAL INFORMATION
fixed length control field 171016s1991 bg |||| ||a| 000 0 ben d
020 ## - INTERNATIONAL STANDARD BOOK NUMBER
International Standard Book Number 9841200074
035 ## - SYSTEM CONTROL NUMBER
system control number (BD-JhCC)7913
040 ## - CATALOGING SOURCE
Original cataloging agency BD-JhCC
Modifying agency BD-JhCC
041 ## - LANGUAGE CODE
Language code of Book ben
082 ## - DEWEY DECIMAL CLASSIFICATION NUMBER
Classification number 641.1
Author mark and Year OSM 1991
100 ## - MAIN ENTRY--PERSONAL NAME
Personal name ওসমান, শওকত
245 ## - TITLE STATEMENT
Title উপদেশ কূপ-দেশ /
Statement of responsibility, etc শওকত ওসমান
260 ## - PUBLICATION, DISTRIBUTION, ETC. (IMPRINT)
Place of publication, distribution, etc ঢাকা :
Name of publisher, distributor, etc জাতীয় সাহিত্য প্রকাশনী,
Date of publication, distribution, etc 1991.
300 ## - PHYSICAL DESCRIPTION
Pagination 69 p. :
Dimensions 21 cm.
650 ## - SUBJECT ADDED ENTRY--TOPICAL TERM
Topical term or geographic name as entry element Child Learning
942 ## - ADDED ENTRY ELEMENTS (KOHA)
Source of classification or shelving scheme Dewey Decimal Classification
Koha item type Books
Holdings
Source of classification or shelving scheme Damaged status Not for loan Home library Current library Shelving location Date of accession Cost, normal purchase price Total Checkouts Full call number Barcode Date last seen Copy number Koha item type
Dewey Decimal Classification     JCC Rouf Library JCC Rouf Library General Stacks 02/15/2018 50.00   641.1 OSM 1991 10542 02/15/2018 C-1 Books

JCC Library | Contacts | JCC Home

Last Update on 23 September 2017
Copyright @ 2017-2020 JCC Rouf Library
Rouf Library, Jhenidah Cadet College (JCC), Bangladesh